000 00842nam a2200289 a 4500
001 1039737
003 OSt
005 20150706120416.0
008 890111s1988 enk 001 0 eng
010 _a 89102735
020 _a0421371404
020 _a0421371501 (pbk.)
040 _aDLC
_cDLC
_dDLC
043 _ae-uk---
050 0 0 _aKD1859
_b.B57 1988
082 0 0 _a346.086 BIR
_220
100 1 _aBirds, John.
_91584
245 1 0 _aModern insurance law /
_cby John Birds.
250 _a2nd ed.
260 _aLondon :
_bSweet & Maxwell,
_c1988
300 _axxxviii, 335 p. ;
_c23 cm.
500 _aIncludes index.
650 0 _aInsurance law
_zGreat Britain.
_91585
906 _a7
_bcbc
_corignew
_d3
_encip
_f19
_gy-gencatlg
942 _2ddc
_cBK
999 _c543
_d543